People, Space and State (Record no. 4551)

MARC details
000 -LEADER
fixed length control field 00370nam a22001457a 4500
003 - CONTROL NUMBER IDENTIFIER
control field OSt
005 - DATE AND TIME OF LATEST TRANSACTION
control field 20210916162905.0
008 - FIXED-LENGTH DATA ELEMENTS--GENERAL INFORMATION
fixed length control field 210916b |||||||| |||| 00| 0 eng d
040 ## - CATALOGING SOURCE
Original cataloging agency HU
Transcribing agency DDC
082 ## - DEWEY DECIMAL CLASSIFICATION NUMBER
Classification number 320.1/PEO
245 ## - TITLE STATEMENT
Title People, Space and State
260 ## - PUBLICATION, DISTRIBUTION, ETC.
Place of publication, distribution, etc. Addis Abeba
Name of publisher, distributor, etc. Alula pankhrst and Francois Piguet
Date of publication, distribution, etc. 2004
300 ## - PHYSICAL DESCRIPTION
Extent xx,697P 20cm
942 ## - ADDED ENTRY ELEMENTS (KOHA)
Source of classification or shelving scheme Dewey Decimal Classification
Koha item type Books like text book referance book
Suppress in OPAC No
Holdings
Withdrawn status Lost status Source of classification or shelving scheme Damaged status Not for loan Home library Current library Shelving location Date acquired Total Checkouts Full call number Barcode Date last seen Copy number Price effective from Koha item type
    Dewey Decimal Classification     Law & Governance lLbrary Law & Governance lLbrary General Stacks 09/16/2021   320.1/PEO LGCLIB000069 09/16/2021 C1 09/16/2021 Books like text book referance book
    Dewey Decimal Classification     Law & Governance lLbrary Law & Governance lLbrary General Stacks 09/16/2021   320.1/PEO LGCLIB000070 09/16/2021 C2 09/16/2021 Books like text book referance book